[Event "PRO League Group Stage"]
[Site "chess.com INT"]
[Date "2017.02.15"]
[Round "6"]
[White "Hungaski, Roberto"]
[Black "Thavandiran, Shiyam"]
[Result "1-0"]
[WhiteElo "2488"]
[BlackElo "2367"]
[PlyCount "127"]
[EventDate "2017.01.11"]
[EventType "team"]
[EventRounds "7"]
[EventCountry "USA"]
[Source "Mark Crowther"]
[SourceDate "2017.02.20"]
[WhiteTeam "Patagonia Penguins"]
[BlackTeam "Toronto Dragons"]

1. e4 e6 2. Nf3 d5 3. Nc3 Nf6 4. e5 Nfd7 5. d4 c5 6. dxc5 Nc6 7. Bf4 Bxc5 8.
Bd3 Be7 9. h4 Nc5 10. a3 Bd7 11. Be2 a6 12. b4 Ne4 13. Nxe4 dxe4 14. Ng5 Qc7
15. Nxe4 Nxe5 16. Qd4 Nf3+ 17. Bxf3 Qxf4 18. Qxg7 O-O-O 19. Qc3+ Kb8 20. g3 Qf5
21. Nc5 Bf6 22. Qe3 Bb5 23. Rd1 Rxd1+ 24. Kxd1 Rd8+ 25. Kc1 Bd4 26. Qg5 Qxg5+
27. hxg5 Bxf2 28. Nxb7 Be3+ 29. Kb1 Rd2 30. Rxh7 Ba4 31. Be4 Rd1+ 32. Ka2 Bd4
33. Rh1 Rxh1 34. Bxh1 Bxc2 35. Nd8 Bf2 36. Nxf7 Bxg3 37. Nd8 Bf5 38. Nc6+ Kc7
39. Nd4 Bh3 40. Be4 Be5 41. Nb3 Bg7 42. g6 Kd6 43. Kb1 Ke5 44. Nc5 a5 45. bxa5
Bf1 46. Bd3 Bg2 47. a6 Kd6 48. Be4 Kxc5 49. Bxg2 Kb6 50. Bf1 e5 51. Kc2 e4 52.
a4 Bh6 53. Bb5 Ka7 54. Kd1 Kb6 55. Kc2 Ka7 56. Kc3 Bg7+ 57. Kc4 e3 58. Kd3 Bh6
59. Ke4 Kb6 60. Kf5 Bf8 61. Ke6 Bh6 62. Kf7 Ka7 63. g7 Bxg7 64. Kxg7 1-0

[Event "PRO League Group Stage"]
[Site "chess.com INT"]
[Date "2017.02.15"]
[Round "6"]
[White "Thavandiran, Shiyam"]
[Black "Leskovar, Matias"]
[Result "1-0"]
[WhiteElo "2367"]
[BlackElo "2306"]
[PlyCount "55"]
[EventDate "2017.01.11"]
[EventType "team"]
[EventRounds "7"]
[EventCountry "USA"]
[Source "Mark Crowther"]
[SourceDate "2017.02.20"]
[WhiteTeam "Toronto Dragons"]
[BlackTeam "Patagonia Penguins"]

1. e4 e5 2. Bc4 Nf6 3. d3 Nc6 4. Nc3 Bc5 5. Bg5 h6 6. Bh4 d6 7. Qd2 a6 8. Nd5
g5 9. Bg3 Nxd5 10. Bxd5 Qf6 11. h4 g4 12. h5 Be6 13. Bh4 Qg7 14. Ne2 Bxd5 15.
exd5 Ne7 16. Ng3 Nxd5 17. d4 exd4 18. O-O-O Kd7 19. Rhe1 Rae8 20. Qd3 Re6 21.
Qb3 Rhe8 22. Rxe6 fxe6 23. Qxb7 Qf7 24. Qxa6 Qf4+ 25. Rd2 Bb4 26. Qb5+ Kc8 27.
Qxe8+ Kb7 28. Qb5+ 1-0

[Event "PRO League Group Stage"]
[Site "chess.com INT"]
[Date "2017.02.15"]
[Round "6"]
[White "Thavandiran, Shiyam"]
[Black "Peralta, Fernando"]
[Result "0-1"]
[WhiteElo "2367"]
[BlackElo "2574"]
[PlyCount "72"]
[EventDate "2017.01.11"]
[EventType "team"]
[EventRounds "7"]
[EventCountry "USA"]
[Source "Mark Crowther"]
[SourceDate "2017.02.20"]
[WhiteTeam "Toronto Dragons"]
[BlackTeam "Patagonia Penguins"]

1. e4 c6 2. d4 d5 3. e5 Bf5 4. h4 a6 5. c3 Qc7 6. g4 Bd7 7. h5 c5 8. Be3 Nc6 9.
Nd2 Nh6 10. Be2 f6 11. f4 fxe5 12. dxe5 e6 13. Nb3 b6 14. Qd2 d4 15. Bf2 dxc3
16. bxc3 Be7 17. O-O-O a5 18. Qe3 Nd4 19. Nd2 O-O 20. Bg3 Qc6 21. Rh2 Nxe2+ 22.
Qxe2 Qa4 23. Kb1 Bb5 24. c4 Qb4+ 25. Ka1 Qc3+ 26. Kb1 Ba4 27. Ne4 Qb4+ 28. Ka1
Bxd1 29. Qxd1 Qxc4 30. Qc2 Qf1+ 31. Kb2 Qxg1 32. Rd2 Rad8 33. Rxd8 Rxd8 34. Bf2
Qxg4 35. Qc4 Kh8 36. f5 exf5 0-1

[Event "UT Dallas Fall op"]
[Site "Dallas USA"]
[Date "2016.11.18"]
[Round "1.10"]
[White "Thavandiran, Shiyam"]
[Black "Arribas Lopez, Angel"]
[Result "1/2-1/2"]
[WhiteElo "2353"]
[BlackElo "2521"]
[PlyCount "62"]
[EventDate "2016.11.18"]
[EventType "swiss"]
[EventRounds "9"]
[EventCountry "USA"]
[Source "Mark Crowther"]
[SourceDate "2016.11.21"]

1. e4 c5 2. Nf3 d6 3. d4 cxd4 4. Nxd4 Nf6 5. Nc3 g6 6. Be3 Bg7 7. f3 Nc6 8. Qd2
O-O 9. O-O-O d5 10. exd5 Nxd5 11. Nxc6 bxc6 12. Bd4 Bxd4 13. Qxd4 Qb6 14. Na4
Qc7 15. h4 Rb8 16. a3 e5 17. Qd2 Bf5 18. h5 Rfd8 19. Qh6 Qa5 20. hxg6 Bxg6 21.
Bd3 Qxa4 22. Bxg6 fxg6 23. Qxh7+ Kf8 24. Rh4 Ne3 25. Qh8+ Kf7 26. Rh7+ Ke6 27.
Re7+ Kxe7 28. Qg7+ Ke8 29. Qg8+ Ke7 30. Qg7+ Ke8 31. Qg8+ Ke7 1/2-1/2

[Event "UT Dallas Fall op"]
[Site "Dallas USA"]
[Date "2016.11.19"]
[Round "2.15"]
[White "Gorovets, Andrey"]
[Black "Thavandiran, Shiyam"]
[Result "1/2-1/2"]
[WhiteElo "2511"]
[BlackElo "2353"]
[PlyCount "52"]
[EventDate "2016.11.18"]
[EventType "swiss"]
[EventRounds "9"]
[EventCountry "USA"]
[Source "Mark Crowther"]
[SourceDate "2016.11.28"]

1. d4 Nf6 2. c4 g6 3. Nc3 Bg7 4. e4 d6 5. Be2 O-O 6. Bg5 Na6 7. Qd2 e5 8. d5 c6
9. f3 cxd5 10. cxd5 Bd7 11. Bxa6 bxa6 12. Nge2 Qb6 13. Be3 Qb7 14. O-O Ne8 15.
Rac1 f5 16. exf5 gxf5 17. f4 Nf6 18. h3 Nh5 19. Rc2 Rf6 20. Rfc1 Rc8 21. b3 Rg6
22. Nd1 Rxc2 23. Rxc2 Nf6 24. Nec3 Nh5 25. Ne2 Nf6 26. Nec3 Nh5 1/2-1/2

[Event "UT Dallas Fall op"]
[Site "Dallas USA"]
[Date "2016.11.19"]
[Round "3.13"]
[White "Thavandiran, Shiyam"]
[Black "Liang, Awonder"]
[Result "0-1"]
[WhiteElo "2353"]
[BlackElo "2508"]
[PlyCount "104"]
[EventDate "2016.11.18"]
[EventType "swiss"]
[EventRounds "9"]
[EventCountry "USA"]
[Source "Mark Crowther"]
[SourceDate "2016.11.28"]

1. e4 e5 2. Nf3 Nc6 3. Bb5 a6 4. Ba4 Nge7 5. c3 g6 6. d4 exd4 7. cxd4 b5 8. Bc2
d5 9. exd5 Nxd5 10. O-O Be6 11. Bg5 Qd7 12. Nc3 Nxc3 13. bxc3 Bg7 14. Be4 f5
15. Bc2 Na5 16. d5 Qxd5 17. Re1 O-O 18. Qc1 Rfe8 19. Bh6 Bf6 20. Ng5 Qd7 21. a4
Nb3 22. Bxb3 Bxb3 23. axb5 axb5 24. Rxa8 Rxa8 25. Qf4 Re8 26. Rxe8+ Qxe8 27.
Nf3 Qe7 28. h4 Bxc3 29. Bg5 Qc5 30. Bd8 Bd5 31. Bxc7 Bxf3 32. Bd6 Qd5 33. gxf3
Qd2 34. Qg3 Bd4 35. Kg2 Bxf2 36. Qxf2 Qxd6 37. Qa2+ Kg7 38. Qb2+ Qf6 39. Qxb5
Qxh4 40. Qb7+ Kh6 41. Kf1 Qh1+ 42. Kf2 Qh2+ 43. Kf1 Qe5 44. Kg2 g5 45. Qa8 Qe2+
46. Kg1 Kh5 47. Qd5 Kh4 48. f4 Qe3+ 49. Kh2 Qxf4+ 50. Kg1 Qe3+ 51. Kf1 f4 52.
Qd7 Qh3+ 0-1

[Event "UT Dallas Fall op"]
[Site "Dallas USA"]
[Date "2016.11.20"]
[Round "4.19"]
[White "Danelia, Mariam"]
[Black "Thavandiran, Shiyam"]
[Result "0-1"]
[WhiteElo "2256"]
[BlackElo "2353"]
[PlyCount "86"]
[EventDate "2016.11.18"]
[EventType "swiss"]
[EventRounds "9"]
[EventCountry "USA"]
[Source "Mark Crowther"]
[SourceDate "2016.11.28"]

1. d4 e6 2. Nf3 Nf6 3. c4 Bb4+ 4. Bd2 c5 5. Bxb4 cxb4 6. e3 O-O 7. Bd3 d6 8.
O-O Qe7 9. Nbd2 b6 10. Qb3 a5 11. a3 Na6 12. Rac1 Bb7 13. Bb1 Rac8 14. Ng5 e5
15. Qd3 g6 16. f4 Rce8 17. fxe5 dxe5 18. d5 Ng4 19. Nh3 f5 20. axb4 Qxb4 21.
Qc3 Qd6 22. Ng5 Nc5 23. h3 Nf6 24. Ngf3 Bc8 25. Qa3 e4 26. Nd4 Qg3 27. Ne2 Qd6
28. Nb3 Nfd7 29. Nbd4 Ne5 30. Nf4 Qf6 31. b4 axb4 32. Qxb4 g5 33. Nfe6 Bxe6 34.
dxe6 Ncd3 35. Qxb6 Nxc1 36. Bxe4 Nxc4 37. Qc7 Nxe3 38. Bxf5 Re7 39. Bxh7+ Rxh7
40. Qxh7+ Kxh7 41. Rxf6 Rxf6 42. e7 Rf1+ 43. Kh2 Re1 0-1

[Event "UT Dallas Fall op"]
[Site "Dallas USA"]
[Date "2016.11.20"]
[Round "5.15"]
[White "Thavandiran, Shiyam"]
[Black "Gurevich, Daniel"]
[Result "1/2-1/2"]
[WhiteElo "2353"]
[BlackElo "2465"]
[PlyCount "126"]
[EventDate "2016.11.18"]
[EventType "swiss"]
[EventRounds "9"]
[EventCountry "USA"]
[Source "Mark Crowther"]
[SourceDate "2016.11.28"]

1. e4 c6 2. d4 d5 3. Nd2 dxe4 4. Nxe4 Bf5 5. Ng3 Bg6 6. h4 h6 7. Nf3 Nd7 8. h5
Bh7 9. Bd3 Bxd3 10. Qxd3 e6 11. Bd2 Ngf6 12. O-O-O Be7 13. Qe2 O-O 14. Nf1 c5
15. g4 cxd4 16. g5 Nd5 17. Nxd4 Qb6 18. Nf3 Rfc8 19. Rh4 Qc5 20. Ne3 hxg5 21.
Rc4 Nf4 22. Qf1 Qb6 23. Bc3 Nf6 24. Nxg5 N6xh5 25. Nf3 Rxc4 26. Qxc4 Qc6 27.
Qxc6 bxc6 28. Rd7 Bc5 29. Kd2 Nf6 30. Bxf6 gxf6 31. Nd4 Rc8 32. Nc4 Bxd4 33.
Rxd4 Nd5 34. Ne3 Kf8 35. Ra4 Rc7 36. c4 Nb6 37. Ra5 c5 38. Kc3 f5 39. Nc2 Nc8
40. Na3 Nd6 41. Nb5 Ne4+ 42. Kd3 Rd7+ 43. Ke3 Ke7 44. Rxa7 Rxa7 45. Nxa7 Nd6
46. Nc6+ Kd7 47. Ne5+ Kc7 48. b3 f6 49. Nd3 Kc6 50. Nf4 e5 51. Nd5 f4+ 52. Kd3
f5 53. f3 Kb7 54. a3 Nf7 55. Ne7 e4+ 56. Ke2 Ne5 57. Nxf5 Nxf3 58. Nd6+ Kb6 59.
Nxe4 Nd4+ 60. Kf2 Nxb3 61. Kf3 Ka5 62. Kxf4 Ka4 63. Ke5 Kxa3 1/2-1/2

[Event "UT Dallas Fall op"]
[Site "Dallas USA"]
[Date "2016.11.21"]
[Round "6.15"]
[White "Thavandiran, Shiyam"]
[Black "Drozdowski, Kacper"]
[Result "1/2-1/2"]
[WhiteElo "2353"]
[BlackElo "2508"]
[PlyCount "104"]
[EventDate "2016.11.18"]
[EventType "swiss"]
[EventRounds "9"]
[EventCountry "USA"]
[Source "Mark Crowther"]
[SourceDate "2016.11.28"]

1. e4 Nf6 2. e5 Nd5 3. d4 d6 4. c4 Nb6 5. exd6 exd6 6. Nc3 Be7 7. Bd3 O-O 8.
Nge2 Re8 9. O-O Nc6 10. b3 Bf6 11. Be3 Bg4 12. Qd2 a5 13. Nf4 Bg5 14. h3 Bxf4
15. Bxf4 Bh5 16. Rae1 Rxe1 17. Rxe1 Bg6 18. Bxg6 hxg6 19. d5 Ne7 20. Bg5 f6 21.
Be3 Nd7 22. Ne2 Nf8 23. Bd4 Qd7 24. a4 Nf5 25. Bc3 b6 26. Nf4 Re8 27. Re2 Kf7
28. Kf1 g5 29. Nd3 Nh4 30. Re3 Nfg6 31. Rxe8 Qxe8 32. Qe1 Qd7 33. Qe4 Nf8 34.
g4 Nhg6 35. Ke2 Qe8 36. Qxe8+ Kxe8 37. Ke3 Nd7 38. Bd4 Ke7 39. Ke4 Nge5 40. Ne1
g6 41. f4 gxf4 42. Kxf4 g5+ 43. Ke4 Ng6 44. Be3 Kf7 45. Nc2 Nb8 46. Nd4 Ne7 47.
Ne6 Na6 48. Bd4 Ng6 49. Nd8+ Ke7 50. Nc6+ Kf7 51. Nd8+ Ke7 52. Nc6+ Kf7 1/2-1/2

[Event "UT Dallas Fall op"]
[Site "Dallas USA"]
[Date "2016.11.22"]
[Round "7.14"]
[White "Kaliksteyn, Alexander"]
[Black "Thavandiran, Shiyam"]
[Result "1-0"]
[WhiteElo "2423"]
[BlackElo "2353"]
[PlyCount "69"]
[EventDate "2016.11.18"]
[EventType "swiss"]
[EventRounds "9"]
[EventCountry "USA"]
[Source "Mark Crowther"]
[SourceDate "2016.11.28"]

1. d4 Nf6 2. Nf3 g6 3. Bf4 Bg7 4. e3 O-O 5. Be2 d6 6. h3 Nbd7 7. c4 Ne4 8. O-O
e5 9. Bh2 Qe7 10. Nbd2 Nxd2 11. Qxd2 e4 12. Ne1 f5 13. Nc2 g5 14. c5 dxc5 15.
Bxc7 g4 16. hxg4 fxg4 17. Bxg4 Nf6 18. Bxc8 Raxc8 19. Bg3 Nh5 20. Bh2 Rc6 21.
dxc5 Rh6 22. Qd5+ Kh8 23. Bg3 Nf6 24. Qe5 Qf7 25. Nd4 Re8 26. Qg5 Rh5 27. Qf4
Qg6 28. Rfd1 Bh6 29. Qc7 Nd5 30. Qd6 Qf7 31. c6 bxc6 32. Nxc6 Bg7 33. Rac1 Kg8
34. Nd8 Qf5 35. Rc5 1-0

[Event "UT Dallas Fall op"]
[Site "Dallas USA"]
[Date "2016.11.23"]
[Round "9.16"]
[White "Thavandiran, Shiyam"]
[Black "Niemann, Hans"]
[Result "1-0"]
[WhiteElo "2353"]
[BlackElo "2273"]
[PlyCount "85"]
[EventDate "2016.11.18"]
[EventType "swiss"]
[EventRounds "9"]
[EventCountry "USA"]
[Source "Mark Crowther"]
[SourceDate "2016.11.28"]

1. e4 c5 2. Nf3 e6 3. d3 d5 4. Qe2 Ne7 5. g3 Nbc6 6. Bg2 g6 7. O-O Bg7 8. Re1
O-O 9. h4 e5 10. c3 Bg4 11. Qc2 Qd7 12. exd5 Nxd5 13. Nbd2 Rad8 14. Nc4 Rfe8
15. Nfd2 h6 16. Bxd5 Qxd5 17. Ne3 Qd7 18. Nxg4 Qxg4 19. Ne4 c4 20. Bxh6 cxd3
21. Qb3 Qe6 22. Bxg7 Qxb3 23. Nf6+ Kxg7 24. Nxe8+ Rxe8 25. axb3 e4 26. Kf1 f5
27. Re3 b6 28. b4 a5 29. f3 axb4 30. fxe4 bxc3 31. bxc3 Rxe4 32. Rxe4 fxe4 33.
Re1 Ne7 34. Rxe4 Nf5 35. Ke1 Nxg3 36. Rb4 Nf5 37. Kd2 Kh6 38. Kxd3 Kh5 39. Rxb6
Nxh4 40. c4 g5 41. c5 Nf3 42. c6 Ne5+ 43. Ke4 1-0

[Event "SPICE Cup op"]
[Site "Saint Louis USA"]
[Date "2016.10.17"]
[Round "1.3"]
[White "Xiong, Jeffery"]
[Black "Thavandiran, Shiyam"]
[Result "1-0"]
[WhiteElo "2647"]
[BlackElo "2346"]
[PlyCount "99"]
[EventDate "2016.10.17"]
[EventType "swiss"]
[EventRounds "9"]
[EventCountry "USA"]
[Source "Chess Mix"]

1. d4 Nf6 2. Nf3 g6 3. c4 Bg7 4. Nc3 O-O 5. g3 d6 6. Bg2 Nc6 7. O-O Bf5 8. d5
Na5 9. Nd2 c5 10. e4 Bd7 11. Qc2 e5 12. b3 Ng4 13. Bb2 f5 14. exf5 gxf5 15. h3
Nf6 16. Rae1 b6 17. Kh2 Nb7 18. Nf3 Qe7 19. Bc1 Rae8 20. Nh4 e4 21. Nb5 Nxd5
22. Nxf5 Bxf5 23. cxd5 a6 24. Na3 e3 25. Qe2 exf2 26. Qxf2 Qd7 27. Rxe8 Qxe8
28. Re1 Qd7 29. Qe2 b5 30. Nc2 c4 31. Nb4 cxb3 32. axb3 Nc5 33. Qe3 Kh8 34. Bd2
Bg6 35. Nc6 Nd3 36. Re2 Bf6 37. Qb6 Re8 38. Re3 Rxe3 39. Bxe3 Qe8 40. Bd4 Kg7
41. Qc7+ Qf7 42. Bxf6+ Kxf6 43. Qxd6+ Kg7 44. Nd8 Qf6 45. Ne6+ Kh6 46. Qxa6 Ne1
47. Qa2 Bc2 48. Nf4 Qb6 49. Qb2 b4 50. Ne6 1-0

[Event "SPICE Cup op"]
[Site "Saint Louis USA"]
[Date "2016.10.18"]
[Round "2.19"]
[White "Thavandiran, Shiyam"]
[Black "Eckert, Doug"]
[Result "1-0"]
[WhiteElo "2346"]
[BlackElo "2191"]
[PlyCount "87"]
[EventDate "2016.10.17"]
[EventType "swiss"]
[EventRounds "9"]
[EventCountry "USA"]
[Source "Chess Mix"]

1. e4 e5 2. Bc4 Nf6 3. d3 c6 4. Nf3 d5 5. Bb3 a5 6. c3 Bd6 7. O-O dxe4 8. Ng5
O-O 9. Nxe4 Nxe4 10. dxe4 Bc7 11. Qh5 Qf6 12. a4 Qg6 13. Qxg6 hxg6 14. Be3 Nd7
15. Rd1 Re8 16. Na3 Nf8 17. Bc5 Be6 18. Bc4 Rad8 19. f3 Rxd1+ 20. Rxd1 Bxc4 21.
Nxc4 Ne6 22. Bb6 Bxb6+ 23. Nxb6 Nc5 24. Kf2 f6 25. Ke3 Kf7 26. Nc4 Ke7 27. Nxa5
Nxa4 28. Ra1 Nxb2 29. Nxb7 Nc4+ 30. Kd3 Nb2+ 31. Ke2 Nc4 32. Ra7 Kf8 33. Nc5
Kg8 34. Rc7 Na5 35. h4 Rb8 36. Ne6 Rb2+ 37. Kf1 Rb1+ 38. Kf2 Rb2+ 39. Kg1 Rb7
40. Rc8+ Kh7 41. Re8 Nc4 42. g4 Nd6 43. Ra8 f5 44. Ng5+ 1-0

[Event "SPICE Cup op"]
[Site "Saint Louis USA"]
[Date "2016.10.18"]
[Round "3.7"]
[White "Thavandiran, Shiyam"]
[Black "Durarbayli, Vasif"]
[Result "0-1"]
[WhiteElo "2346"]
[BlackElo "2608"]
[PlyCount "67"]
[EventDate "2016.10.17"]
[EventType "swiss"]
[EventRounds "9"]
[EventCountry "USA"]
[Source "Chess Mix"]

1. e4 e5 2. Nf3 Nc6 3. Bb5 a6 4. Ba4 Nf6 5. O-O Be7 6. Re1 b5 7. Bb3 d6 8. c3
O-O 9. h3 Na5 10. Bc2 c5 11. d4 Nd7 12. dxc5 dxc5 13. Nbd2 Bb7 14. Nf1 Nc4 15.
Ng3 Nd6 16. h4 Re8 17. h5 h6 18. Nh2 Bf8 19. Qg4 Nf6 20. Qf3 Nh7 21. Ng4 Qh4
22. Rd1 Ng5 23. Qe2 Bc8 24. Ne3 Nh7 25. b3 Be6 26. Ba3 Rac8 27. Rd2 Qg5 28.
Rad1 b4 29. Bb2 bxc3 30. Bxc3 Nb5 31. Bb2 Nf6 32. Bd3 Nd4 33. Qf1 Nxh5 34. Nxh5
0-1

[Event "SPICE Cup op"]
[Site "Saint Louis USA"]
[Date "2016.10.19"]
[Round "4.14"]
[White "Rosenthal, Nicholas"]
[Black "Thavandiran, Shiyam"]
[Result "1/2-1/2"]
[WhiteElo "2136"]
[BlackElo "2346"]
[PlyCount "75"]
[EventDate "2016.10.17"]
[EventType "swiss"]
[EventRounds "9"]
[EventCountry "USA"]
[Source "Chess Mix"]

1. e4 e6 2. d4 d5 3. Nc3 Nf6 4. Bg5 Bb4 5. e5 h6 6. Bd2 Bxc3 7. Bxc3 Ne4 8. Bd3
Nxc3 9. bxc3 c5 10. Qd2 Qa5 11. c4 Qxd2+ 12. Kxd2 dxc4 13. Bxc4 cxd4 14. Nf3 a6
15. Nxd4 Nd7 16. f4 g5 17. g3 b5 18. Bb3 Bb7 19. Rhg1 O-O-O 20. Ke3 Nb6 21. f5
Nc4+ 22. Bxc4 bxc4 23. fxe6 fxe6 24. Nxe6 Rd5 25. Nd4 Rxe5+ 26. Kd2 Rd8 27. c3
Rf8 28. Rgf1 Rxf1 29. Rxf1 Ra5 30. Ra1 g4 31. Ke3 Rh5 32. Kf4 Rxh2 33. Kxg4 Kc7
34. Kf4 Rf2+ 35. Ke5 Rg2 36. Kf4 Rf2+ 37. Ke5 Rg2 38. Kf4 1/2-1/2

[Event "SPICE Cup op"]
[Site "Saint Louis USA"]
[Date "2016.10.19"]
[Round "5.16"]
[White "Thavandiran, Shiyam"]
[Black "Niemann, Hans"]
[Result "1-0"]
[WhiteElo "2346"]
[BlackElo "2288"]
[PlyCount "83"]
[EventDate "2016.10.17"]
[EventType "swiss"]
[EventRounds "9"]
[EventCountry "USA"]
[Source "Chess Mix"]

1. e4 e6 2. d4 d5 3. Bd3 dxe4 4. Bxe4 Nf6 5. Bf3 c5 6. Ne2 Nc6 7. Be3 e5 8.
Bxc6+ bxc6 9. dxe5 Qxd1+ 10. Kxd1 Ng4 11. Nd2 Nxe5 12. h3 Ba6 13. Nc3 O-O-O 14.
Kc1 Be7 15. Nde4 Nd7 16. Rd1 Rhf8 17. Nd6+ Bxd6 18. Rxd6 f5 19. g3 Kc7 20. Rd2
h6 21. Na4 Nb6 22. Nxc5 Bc4 23. b3 Bf7 24. c4 g5 25. Rxd8 Rxd8 26. Kc2 Re8 27.
Kd3 Bg6 28. f4 Kd6 29. Na6 Nd7 30. b4 Re4 31. Nc5 gxf4 32. Bxf4+ Ne5+ 33. Kd2
Rxc4 34. Nd3 Rxf4 35. gxf4 Nc4+ 36. Kc3 Ne3 37. Rg1 Nd5+ 38. Kd4 Bh5 39. a3 Nc7
40. a4 Nd5 41. Rg7 Be2 42. Nc5 1-0

[Event "SPICE Cup op"]
[Site "Saint Louis USA"]
[Date "2016.10.20"]
[Round "6.9"]
[White "Gurevich, Daniel"]
[Black "Thavandiran, Shiyam"]
[Result "1/2-1/2"]
[WhiteElo "2488"]
[BlackElo "2346"]
[PlyCount "75"]
[EventDate "2016.10.17"]
[EventType "swiss"]
[EventRounds "9"]
[EventCountry "USA"]
[Source "Chess Mix"]

1. e4 c5 2. Nf3 d6 3. d4 cxd4 4. Nxd4 Nf6 5. Nc3 g6 6. Be3 Bg7 7. f3 O-O 8. Qd2
Nc6 9. g4 Be6 10. Nxe6 fxe6 11. O-O-O Ne5 12. Be2 Qc8 13. Bd4 Nc6 14. Be3 Ne5
15. h4 Nc4 16. Bxc4 Qxc4 17. h5 Nd7 18. hxg6 Rxf3 19. gxh7+ Kh8 20. Bd4 Qxd4
21. Qxd4 Bxd4 22. Rxd4 Rc8 23. Rh6 Rf6 24. Rxf6 Nxf6 25. Ra4 a6 26. Rb4 Rc7 27.
e5 dxe5 28. Rb6 Nxg4 29. Rxe6 Nf6 30. Rxe5 Kxh7 31. Kd2 Rd7+ 32. Ke2 Kg6 33. a4
Ng4 34. Rd5 Rxd5 35. Nxd5 Kf7 36. Kd3 Ke6 37. c4 Kd6 38. b4 1/2-1/2

[Event "SPICE Cup op"]
[Site "Saint Louis USA"]
[Date "2016.10.21"]
[Round "7.14"]
[White "Thavandiran, Shiyam"]
[Black "Duran Vega, Sergio"]
[Result "1/2-1/2"]
[WhiteElo "2346"]
[BlackElo "2383"]
[PlyCount "74"]
[EventDate "2016.10.17"]
[EventType "swiss"]
[EventRounds "9"]
[EventCountry "USA"]
[Source "Chess Mix"]

1. e4 c5 2. Be2 Nc6 3. f4 d5 4. d3 dxe4 5. dxe4 Qxd1+ 6. Bxd1 b6 7. Nf3 Bb7 8.
c3 Nf6 9. Nbd2 g6 10. Bb3 Bh6 11. e5 Nh5 12. g3 f6 13. exf6 exf6 14. Be6 Ng7
15. Bh3 O-O 16. O-O Rfe8 17. Re1 Rxe1+ 18. Nxe1 Re8 19. Ndf3 Nf5 20. Bxf5 gxf5
21. Kf2 Ne7 22. Be3 Rd8 23. Nh4 Be4 24. Ke2 Kf7 25. Rd1 Rxd1 26. Kxd1 Ke6 27.
c4 Nc6 28. b3 Bf8 29. Nhf3 Nb4 30. a3 Nc6 31. Kd2 a6 32. a4 Na5 33. Kc3 Nb7 34.
Nd2 a5 35. Nef3 Nd6 36. Nh4 Bc6 37. Nf1 Ne4+ 1/2-1/2

[Event "SPICE Cup op"]
[Site "Saint Louis USA"]
[Date "2016.10.21"]
[Round "8.13"]
[White "Rahul, Srivatshav Peddi"]
[Black "Thavandiran, Shiyam"]
[Result "0-1"]
[WhiteElo "2277"]
[BlackElo "2346"]
[PlyCount "68"]
[EventDate "2016.10.17"]
[EventType "swiss"]
[EventRounds "9"]
[EventCountry "USA"]
[Source "Chess Mix"]

1. d4 Nf6 2. Nf3 g6 3. c4 Bg7 4. Nc3 O-O 5. e4 d6 6. h3 e5 7. d5 Nh5 8. g3 f5
9. exf5 gxf5 10. Nh4 Nf6 11. Bg5 Na6 12. Be2 h6 13. Be3 f4 14. gxf4 exf4 15.
Bd4 c5 16. dxc6 bxc6 17. c5 Nxc5 18. Bxc5 dxc5 19. Bc4+ Nd5 20. Nxd5 Be6 21.
Ng6 cxd5 22. Nxf8 Kxf8 23. Be2 Bxb2 24. Rb1 Bd4 25. Bg4 Qa5+ 26. Kf1 Qxa2 27.
Rh2 Bf7 28. Rb3 Bg6 29. Be6 Bc2 30. Qh5 Qa6+ 31. Kg1 Qxe6 32. Rf3 Ke7 33. Rxf4
Qe1+ 34. Kg2 Rg8+ 0-1

[Event "SPICE Cup op"]
[Site "Saint Louis USA"]
[Date "2016.10.22"]
[Round "9.9"]
[White "Kaliksteyn, Alexander"]
[Black "Thavandiran, Shiyam"]
[Result "1-0"]
[WhiteElo "2412"]
[BlackElo "2346"]
[PlyCount "51"]
[EventDate "2016.10.17"]
[EventType "swiss"]
[EventRounds "9"]
[EventCountry "USA"]
[Source "Chess Mix"]

1. d4 Nf6 2. Nf3 g6 3. Bf4 Bg7 4. e3 O-O 5. Be2 d6 6. h3 c5 7. Nbd2 b6 8. O-O
Bb7 9. Bh2 Nbd7 10. a4 a6 11. Re1 cxd4 12. exd4 Bh6 13. c3 Nd5 14. Bf1 a5 15.
Qb3 Bf4 16. Ne4 Bh6 17. Bc4 Ne3 18. Nxd6 exd6 19. fxe3 Bxf3 20. gxf3 Qg5+ 21.
Kh1 Nf6 22. Bxd6 Nh5 23. Qc2 Rfe8 24. Qg2 Qh4 25. Qg4 Qf2 26. Re2 1-0

[Event "Abu Dhabi op"]
[Site "Abu Dhabi UAE"]
[Date "2016.08.21"]
[Round "1"]
[White "Thavandiran, Shiyam"]
[Black "Oleksienko, Michailo"]
[Result "0-1"]
[WhiteElo "2344"]
[BlackElo "2610"]
[PlyCount "98"]
[EventDate "2016.08.21"]
[EventType "swiss"]
[EventRounds "9"]
[EventCountry "UAE"]
[Source "Chessbase"]
[SourceDate "2016.09.02"]

1. e4 c5 2. Nf3 e6 3. d4 cxd4 4. Nxd4 Nc6 5. Nc3 Qc7 6. Be3 a6 7. Be2 Nf6 8. a3
Be7 9. f4 O-O 10. e5 Nd5 11. Nxd5 exd5 12. Bd3 d6 13. e6 fxe6 14. Qh5 g6 15.
Bxg6 Bf6 16. Nxc6 bxc6 17. Bd3 Bxb2 18. Rb1 Bc3+ 19. Bd2 Bxd2+ 20. Kxd2 Qf7 21.
Qg5+ Qg7 22. Qxg7+ Kxg7 23. Rb6 Bd7 24. Rb7 Rf7 25. Rhb1 a5 26. Rc7 Rc8 27. Ra7
Be8 28. Rbb7 Rxb7 29. Rxb7+ Bf7 30. Bxh7 Rh8 31. f5 Kf6 32. fxe6 Kxe6 33. Bf5+
Kxf5 34. Rxf7+ Ke6 35. Ra7 Rxh2 36. Rxa5 Rxg2+ 37. Kd3 c5 38. Ra8 d4 39. a4 Kd5
40. c4+ dxc3 41. Kxc3 Rg3+ 42. Kb2 Kc4 43. Rb8 Rg2+ 44. Ka3 d5 45. a5 d4 46.
Rb6 d3 47. a6 d2 48. Rd6 Kc3 49. Ka4 Rg6 0-1

[Event "Abu Dhabi op"]
[Site "Abu Dhabi UAE"]
[Date "2016.08.22"]
[Round "2"]
[White "Aditya, Mittal"]
[Black "Thavandiran, Shiyam"]
[Result "1/2-1/2"]
[WhiteElo "2140"]
[BlackElo "2344"]
[PlyCount "96"]
[EventDate "2016.08.21"]
[EventType "swiss"]
[EventRounds "9"]
[EventCountry "UAE"]
[Source "Chessbase"]
[SourceDate "2016.09.02"]

1. d4 e6 2. c4 Nf6 3. Nc3 Bb4 4. f3 d5 5. a3 Bxc3+ 6. bxc3 c5 7. cxd5 Nxd5 8.
dxc5 f5 9. Nh3 Nc6 10. Nf4 Qa5 11. Nxd5 exd5 12. Qd3 O-O 13. a4 Re8 14. e3 Qxc5
15. Be2 f4 16. O-O fxe3 17. Rd1 Be6 18. Bxe3 Qe7 19. Bf2 Rad8 20. Bf1 b6 21.
Qd2 Na5 22. Rab1 Nc4 23. Bxc4 dxc4 24. Bd4 Bf5 25. Rb5 Bg6 26. a5 Qh4 27. g3
Qe7 28. axb6 axb6 29. Rxb6 Bd3 30. Ra6 Rd7 31. Rda1 Qf8 32. Ra7 Rxa7 33. Rxa7
Qxf3 34. Rxg7+ Kf8 35. Qf2 Qxf2+ 36. Kxf2 Re2+ 37. Kg1 Re1+ 38. Kg2 Re2+ 39.
Kh3 Re4 40. Rg4 Kf7 41. Rxe4 Bxe4 42. Kg4 Kg6 43. Kf4 Bd3 44. g4 h5 45. g5 Bf1
46. h4 Bd3 47. Bf2 Bf1 48. Bd4 Bd3 1/2-1/2